| 000 | 01189nab a22002537a 4500 | ||
|---|---|---|---|
| 999 |
_c6073 _d6073 |
||
| 003 | OSt | ||
| 005 | 20260121012449.0 | ||
| 008 | 190514b xxu||||| |||| 00| 0 spa d | ||
| 040 | _cPJ | ||
| 100 |
_96848 _aFernández Mele, Soledad |
||
| 245 | 1 | 3 |
_aLa defensa y las costas en los procesos de determinación de la capacidad jurídica / _cSoledad Fernández Mele. |
| 300 | _ap. 202-211 | ||
| 500 | _aCita: TR LALEY AR/DOC/988/2024. | ||
| 505 | _aSumario: I. Introducción.— II. Los agravios y su contestación.— III. La decisión.— IV. El rol del abogado.— V. Las costas. | ||
| 505 | _tFallo comentado: CApel. Dist. Norte de Tierra del Fuego, Antártida e Islas del Atlántico Sur, Sala Civ. Com. Trab ~ 14/11/2023 ~ L. K. D. c. L. J. s/ restricción a la capacidad. | ||
| 650 | 0 |
_9967 _aDERECHO DE FAMILIA |
|
| 650 | 0 |
_92342 _aCAPACIDAD |
|
| 650 | 0 |
_9586 _aDEFENSA EN JUICIO |
|
| 650 | 0 |
_92533 _aCOSTAS |
|
| 650 | 0 |
_91057 _aJURISPRUDENCIA APLICABLE |
|
| 651 | 0 |
_92403 _aTIERRA DEL FUEGO |
|
| 773 | 0 |
_02844 _93222 _dBuenos Aires : AbeledoPerrot, 1989- _tDerecho de familia. Revista Interdisciplinaria de doctrina y jurisprudencia. Junio 2024-III. _z18511201 |
|
| 942 |
_2udc _cANA |
||